000 00256nam a22001217a 4500
008 190305b xxu||||| |||| 00| 0 eng d
041 _aeng
080 _a070
100 _a40
101 _aMK
245 _aBridges not walls
_cStewart,J
942 _2udc
_cBK
999 _c54467
_d54467